000 01249cam a2200289 4500
008 #DATE n2003 000 0 eng u
020 _a0632064455
035 _a(Sirsi) u122054
041 _aeng
050 _a658.2
_c18
100 _aBarrett, Peter
245 _aFacilities management: towards best practice
250 _a2nd ed.
260 _aOxford
_bBlackwell Science
_c2003
300 _axvi,i, 280p.
_bill.
_c25cm.
350 _a35
520 _aThis text aims to complement the facilities manager's own knowledge and expertise whilst aiding the development of a shared knowledge base. It is divided into three parts. In the first current practice is illustrated. In the second key facilities management issues are considered: user needs evaluation, outsourcing and computer-based information systems. Finally section three provides extensive advice on managing people through change and on decision making.
520 _aSupersedes 1st edition (0632039418) 1995
650 _aCOMPUTER-BASED INFORMATION SYSTEMS
650 _aOUTSOURCING
650 _aDECISION MAKING
650 _aPEOPLE MANAGEMENT
650 _aProcurement-old
690 _aMANAGEMENT-FACILITIES MANAGEMENT
700 _aBaldry, David
942 _n0
999 _c102775
_d102775